La Lengua española en la Literatura portuguesa / (Record no. 99592)

MARC details
000 -LEADER
campo de control de longitud fija 00765nam a2200229 i 4500
001 - NÚMERO DE CONTROL
campo de control 99592
003 - IDENTIFICADOR DE NÚMERO DE CONTROL
campo de control ES-MaACL
005 - FECHA Y HORA DE LA ÚLTIMA TRANSACCIÓN
campo de control 20230906182525.0
007 - CAMPO FIJO DE DESCRIPCIÓN FÍSICA--INFORMACIÓN GENERAL
campo de control de longitud fija t|
008 - DATOS DE LONGITUD FIJA--INFORMACIÓN GENERAL
campo de control de longitud fija 050913s1968 sp ||||1| spa d
017 ## - NÚMERO DE COPYRIGHT O DE DEPÓSITO LEGAL
Número de copyright o de depósito legal M 21764-1968
080 ## - NÚMERO DE LA CLASIFICACIÓN DECIMAL UNIVERSAL
Número de la Clasificación Decimal Universal 86.0(469)"15/16"
100 1# - ENTRADA PRINCIPAL--NOMBRE DE PERSONA
Nombre de persona Martínez Almoyna, Julio.
9 (RLIN) 77842
245 13 - MENCIÓN DEL TÍTULO
Título La Lengua española en la Literatura portuguesa /
Mención de responsabilidad, etc. por J. Martínez Almoyna y A. Viera de Lemos; [prólogo por Luis de Pina].
260 ## - PUBLICACIÓN, DISTRIBUCIÓN, ETC.
Lugar de publicación, distribución, etc. Madrid :
Nombre del editor, distribuidor, etc. IMNASA,
Fecha de publicación, distribución, etc. 1968.
300 ## - DESCRIPCIÓN FÍSICA
Extensión 618 p. ;
Dimensiones 24 cm.
650 #4 - PUNTO DE ACCESO ADICIONAL DE MATERIA--TÉRMINO DE MATERIA
Término de materia o nombre geográfico como elemento de entrada Literatura española-
Subdivisión geográfica Portugal.
9 (RLIN) 141419
650 04 - PUNTO DE ACCESO ADICIONAL DE MATERIA--TÉRMINO DE MATERIA
Término de materia o nombre geográfico como elemento de entrada Escritores portugueses-
Subdivisión de forma Biografías.
9 (RLIN) 12395
700 1# - ENTRADA AGREGADA--NOMBRE PERSONAL
Nombre de persona Viera de Lemos, A.
9 (RLIN) 114589
700 1# - ENTRADA AGREGADA--NOMBRE PERSONAL
Nombre de persona Pina, Luis de.
9 (RLIN) 92065
852 4# - LOCALIZACIÓN
Ubicación ES-MaACL
Número de control de estantería C-37895
itemnumber R.71569
Holdings
Estatus retirado Estado de pérdida Estado de daño No para préstamo Biblioteca de origen Biblioteca actual Ubicación en estantería Fecha de adquisición Fuente de adquisición Total de préstamos Signatura topográfica completa Código de barras Visto por última vez Precio de reemplazo Tipo de ítem Koha
        Biblioteca del Ateneo de Madrid Biblioteca del Ateneo de Madrid Depósito 2 17/01/2008     C-37895 1103990 23/02/2023 23/02/2023 Libro impreso